[Event "C.to Provinciale TP"]
[Site "Erice ITA"]
[Date "2010.01.24"]
[Round "6"]
[White "Gullo, Antonino"]
[Black "Guarino, Giuseppe"]
[Result "0-1"]
[WhiteElo "1443"]
[BlackElo "1497"]
[PlyCount "110"]
[EventDate "2010.01.10"]

1. e4 c6 2. d4 d5 3. Nc3 dxe4 4. Nxe4 Bf5 5. Ng3 Bg6 6. Nf3 Nf6 7. Be2 e6 8.
Bf4 Bd6 9. Bxd6 Qxd6 10. O-O O-O 11. Re1 Nbd7 12. Qd2 c5 13. c3 cxd4 14. Nxd4
a6 15. Bf3 Rab8 16. Rad1 Qb6 17. Be4 Nxe4 18. Nxe4 Bxe4 19. Rxe4 Nf6 20. Ree1
Rbd8 21. f4 Rfe8 22. Qe2 h6 23. Kf2 Nd5 24. g3 e5 25. fxe5 Nf6 26. Kf1 Nd7 27.
Nf3 Qe6 28. b3 g5 29. Kg2 Qc6 30. c4 g4 31. Qe4 gxf3+ 32. Kxf3 Nxe5+ 33. Kg2
Qxe4+ 34. Rxe4 Rxd1 35. Re2 Re6 36. Kh3 Nd3 37. Rxe6 fxe6 38. a4 e5 39. Kg2 e4
40. g4 e3 41. Kf3 Ne5+ 42. Kxe3 Nxg4+ 43. Ke2 Rh1 44. b4 Ne5 45. c5 Rxh2+ 46.
Ke3 Kf7 47. b5 axb5 48. axb5 Rc2 49. Kd4 Nd7 50. c6 bxc6 51. bxc6 Rxc6 52. Kd5
Rc1 53. Kd6 h5 54. Kxd7 Rd1+ 55. Kc6 Ke6 0-1

[Event "C.to Provinciale TP"]
[Site "Erice ITA"]
[Date "2010.01.24"]
[Round "6"]
[White "Melograni, Francesco"]
[Black "Lo Bosco, Salvatore"]
[Result "1/2-1/2"]
[WhiteElo "1832"]
[BlackElo "1639"]
[PlyCount "32"]
[EventDate "2010.01.10"]

1. e4 c5 2. Nc3 Nc6 3. d3 e6 4. f4 d6 5. Nf3 Nf6 6. Be2 Be7 7. O-O O-O 8. h3
Bd7 9. Be3 a6 10. Qd2 Rc8 11. Rad1 Qc7 12. Rf2 Rfe8 13. Rdf1 Rcd8 14. Kh2 Bc8
15. Kh1 Qb8 16. Kg1 Qa7 1/2-1/2

[Event "C.to Provinciale TP"]
[Site "Erice ITA"]
[Date "2010.01.24"]
[Round "6"]
[White "Meo, Antonino"]
[Black "Messina, Rosario"]
[Result "1-0"]
[WhiteElo "1515"]
[BlackElo "1577"]
[PlyCount "63"]
[EventDate "2010.01.10"]

1. e4 e5 2. Bc4 Bc5 3. Nf3 Nc6 4. Nc3 Nf6 5. d3 h6 6. O-O d6 7. h3 O-O 8. Ne2
Na5 9. Bb3 Nxb3 10. axb3 a6 11. c3 Bb6 12. d4 exd4 13. Ng3 dxc3 14. bxc3 Be6
15. Re1 Re8 16. Be3 Bxe3 17. Rxe3 Nd7 18. Nd4 Rf8 19. Ngf5 Qf6 20. Rg3 g5 21.
Qh5 Kh7 22. f4 Qg6 23. Qxg6+ Kxg6 24. h4 Bxf5 25. Nxf5 f6 26. Ne7+ Kh5 27. hxg5
fxg5 28. f5 Nf6 29. Rh3+ Kg4 30. Ra4 b5 31. Rd4 Kf4 32. Rf3+ 1-0

[Event "C.to Provinciale TP"]
[Site "Erice ITA"]
[Date "2010.01.24"]
[Round "6"]
[White "Messina, Damiano"]
[Black "Oddo, Salvatore"]
[Result "1-0"]
[WhiteElo "2003"]
[BlackElo "1547"]
[PlyCount "85"]
[EventDate "2010.01.10"]

1. e4 d6 2. d4 Nd7 3. Nf3 e5 4. Bc4 c6 5. dxe5 dxe5 6. O-O Be7 7. Qe2 Ngf6 8.
Nc3 h6 9. Rd1 Qc7 10. h3 O-O 11. Be3 b5 12. Bb3 a5 13. a3 Ba6 14. Qe1 Nc5 15.
Bxc5 Bxc5 16. Nh4 Bc8 17. Rd3 Nh5 18. Ne2 Qe7 19. Ng6 Qg5 20. Nxf8 Kxf8 21.
Rad1 Bb6 22. Rf3 f6 23. Qd2 Qxd2 24. Rxd2 Ke7 25. g4 a4 26. Ba2 Ba5 27. c3 Nf4
28. Nxf4 exf4 29. Rxf4 Bc7 30. Rf3 Be6 31. Bxe6 Kxe6 32. Rfd3 Bf4 33. Rd1 Ra7
34. Rd8 Rc7 35. Kg2 c5 36. Re8+ Kf7 37. Rb8 b4 38. axb4 Re7 39. Rb5 Rxe4 40.
Kf3 Rc4 41. Rxc5 Rxc5 42. bxc5 Be5 43. Ra1 1-0

[Event "C.to Provinciale TP"]
[Site "Erice ITA"]
[Date "2010.01.24"]
[Round "6"]
[White "Pandolfo, Sergio"]
[Black "Bertino, Giacomo"]
[Result "1/2-1/2"]
[WhiteElo "1640"]
[BlackElo "2002"]
[PlyCount "95"]
[EventDate "2010.01.10"]

1. Nf3 g6 2. d4 Bg7 3. c4 Nf6 4. Nc3 c5 5. d5 O-O 6. e4 d6 7. Be2 b5 8. cxb5 a6
9. O-O Bd7 10. Nd2 axb5 11. Bxb5 Bxb5 12. Nxb5 Qa5 13. Qe2 Na6 14. Nb3 Qb6 15.
Nc3 Rfb8 16. Be3 Nb4 17. e5 Nfxd5 18. Nxd5 Nxd5 19. exd6 Nxe3 20. Qxe3 exd6 21.
Qe2 c4 22. Qxc4 Bxb2 23. Rab1 Be5 24. Nd2 Qa5 25. Rxb8+ Rxb8 26. Nf3 d5 27. Qe2
Bf6 28. Rd1 Rb2 29. Rd2 Qxa2 30. Rxb2 Qxb2 31. Qxb2 Bxb2 32. Kf1 Kf8 33. Ke2
Ke7 34. Kd3 h6 35. Ne1 Kd6 36. f3 Ke5 37. g3 g5 38. Ng2 Bc1 39. h3 h5 40. h4 f6
41. g4 hxg4 42. fxg4 gxh4 43. Nxh4 Kf4 44. Kd4 Kxg4 45. Ng2 Bd2 46. Kxd5 Kg3
47. Ke6 Bg5 48. Ne3 1/2-1/2

[Event "C.to Provinciale TP"]
[Site "Erice ITA"]
[Date "2010.01.24"]
[Round "6"]
[White "Piazza, Dario"]
[Black "Campo, Renato"]
[Result "0-1"]
[WhiteElo "1569"]
[BlackElo "2010"]
[PlyCount "82"]
[EventDate "2010.01.10"]

1. e4 c5 2. Nc3 g6 3. f4 Bg7 4. Nf3 d6 5. Bc4 Nc6 6. O-O Nf6 7. Re1 O-O 8. d3
Na5 9. Bb3 Qb6 10. Be3 Nxb3 11. axb3 Be6 12. Ne2 Ng4 13. Bd2 c4+ 14. d4 cxb3
15. Ba5 bxc2 16. Qxc2 Qb3 17. Qxb3 Bxb3 18. Ra3 Bc4 19. Ng3 Rfc8 20. e5 dxe5
21. dxe5 Bd5 22. h3 Nh6 23. Rd1 e6 24. Nd4 Bf8 25. Rad3 Bc5 26. Bc3 a5 27. Kh2
Rcb8 28. Nde2 b5 29. Bd4 Be7 30. Ra1 a4 31. Nc3 Bc4 32. Rdd1 Nf5 33. Nge4 b4
34. Nb1 Rd8 35. Nbd2 Rxd4 36. Nxc4 Rxc4 37. Nf6+ Kg7 38. Nd7 Rd8 39. Nb6 Rxf4
40. Nxa4 Rf2 41. Rxd8 Bxd8 0-1

[Event "C.to Provinciale TP"]
[Site "Erice ITA"]
[Date "2010.01.24"]
[Round "6"]
[White "Piazza, Francesco"]
[Black "Pantano, Giuseppe"]
[Result "1/2-1/2"]
[WhiteElo "1359"]
[BlackElo "1563"]
[PlyCount "75"]
[EventDate "2010.01.10"]

1. e4 d6 2. d4 Nf6 3. Nc3 g6 4. Bg5 Bg7 5. Qf3 Nc6 6. Bb5 Bd7 7. Bxc6 Bxc6 8.
O-O-O a5 9. Qe2 O-O 10. Nf3 b6 11. e5 Nd5 12. Nxd5 Bxd5 13. c4 Bb7 14. Qe3 f6
15. exf6 exf6 16. Bh4 Qd7 17. Rd2 Rae8 18. Qd3 Be4 19. Qb3 a4 20. Qc3 b5 21.
Ne1 Rb8 22. a3 bxc4 23. Qxc4+ d5 24. Qc3 Rb3 25. Qa5 Rfb8 26. f3 Bf5 27. g4 Be6
28. Nd3 R3b5 29. Qxa4 f5 30. h3 Bxd4 31. Qxd4 c5 32. Nxc5 Rxc5+ 33. Qxc5 Rc8
34. Qxc8+ Qxc8+ 35. Kd1 Qb7 36. Re1 Qb3+ 37. Ke2 fxg4 38. hxg4 1/2-1/2

[Event "C.to Provinciale TP"]
[Site "Erice ITA"]
[Date "2010.01.24"]
[Round "6"]
[White "Romeo, Ettore"]
[Black "Guirreri, Filippo"]
[Result "0-1"]
[WhiteElo "1335"]
[BlackElo "1418"]
[PlyCount "68"]
[EventDate "2010.01.10"]

1. e4 e5 2. Nc3 Nf6 3. Nf3 Nc6 4. Bb5 d6 5. h3 Bd7 6. d3 Nd4 7. Bg5 Bxb5 8.
Nxd4 Bd7 9. Nf3 Be7 10. Nd5 Nxd5 11. exd5 Bxg5 12. h4 Bf6 13. Qd2 Bg4 14. Ng5
O-O 15. f3 Bd7 16. g3 Re8 17. O-O c6 18. f4 Bxg5 19. fxg5 Bh3 20. Rf3 cxd5 21.
Qf2 e4 22. Rf4 e3 23. Qf3 Re7 24. g4 e2 25. Re1 Qb6+ 26. Qf2 Qxf2+ 27. Kxf2
Rae8 28. Kg3 Bf1 29. Kh2 Re3 30. Kg1 Rg3+ 31. Kh2 Ree3 32. c4 Rh3+ 33. Kg1
Reg3+ 34. Kf2 Rg2# 0-1

[Event "C.to Provinciale TP"]
[Site "Erice ITA"]
[Date "2010.01.24"]
[Round "6"]
[White "Savalla, Gianluca"]
[Black "Bucaria, Ester"]
[Result "1-0"]
[WhiteElo "1410"]
[BlackElo "1224"]
[PlyCount "85"]
[EventDate "2010.01.10"]

1. d4 d5 2. Bf4 Nc6 3. Nc3 a6 4. e3 Nf6 5. Nf3 h6 6. Bd3 Nb4 7. O-O Nxd3 8.
Qxd3 e6 9. e4 Be7 10. e5 Nh5 11. Be3 O-O 12. g4 Bd7 13. gxh5 f5 14. exf6 Rxf6
15. Kh1 Rxf3 16. Rg1 Bf8 17. Qg6 Be8 18. Qg4 Qf6 19. Bxh6 Rxf2 20. Be3 Rxc2 21.
Raf1 Qe7 22. Bg5 Qd6 23. Bf4 Qe7 24. Bg3 Rxb2 25. Bh4 Qd6 26. Bg3 Qe7 27. h6
Kh7 28. hxg7 Bxg7 29. Bh4 Qd7 30. Re1 e5 31. Qg5 Qf7 32. Rgf1 Bh6 33. Rxf7+
Bxf7 34. Qf5+ Kg7 35. Rb1 Rb6 36. Rxb6 cxb6 37. Qxe5+ Kg6 38. Nxd5 Bxd5+ 39.
Qxd5 Rf8 40. Qd6+ Kg7 41. Qxb6 Rf6 42. Qxf6+ Kh7 43. Qf7+ 1-0

[Event "C.to Provinciale TP"]
[Site "Erice ITA"]
[Date "2010.01.24"]
[Round "6"]
[White "Savalla, Salvatore"]
[Black "Lo Piccolo, Antonino"]
[Result "0-1"]
[WhiteElo "1706"]
[BlackElo "1873"]
[PlyCount "61"]
[EventDate "2010.01.10"]

1. e4 e5 2. Nf3 Nc6 3. Bc4 Bc5 4. c3 Nf6 5. d4 exd4 6. O-O d3 7. Bg5 d6 8. Qxd3
O-O 9. Re1 Ne5 10. Nxe5 dxe5 11. Qxd8 Rxd8 12. b4 Bb6 13. Na3 c6 14. Bxf6 gxf6
15. Red1 Bg4 16. Rd3 Rxd3 17. Bxd3 Rd8 18. Bf1 Rd2 19. Kh1 Bxf2 20. Nc4 Rc2 21.
Na5 Rxc3 22. Nxb7 Rc2 23. a4 Be2 24. Nd6 Bd4 25. Re1 Bxf1 26. Rxf1 Ra2 27. b5
c5 28. h3 Rxa4 29. Rxf6 c4 30. Rxf7 Bc5 31. Rd7 {...} 0-1

[Event "XVIII Open Nicolo' La Rosa"]
[Site "Mazara del Vallo ITA"]
[Date "2010.08.18"]
[Round "1"]
[White "Cassia, Giuseppe"]
[Black "Campo, Renato"]
[Result "0-1"]
[WhiteElo "1586"]
[BlackElo "2002"]
[PlyCount "114"]
[EventDate "2010.08.18"]

1. d4 g6 2. c4 Bg7 3. Nf3 c5 4. Nc3 cxd4 5. Nxd4 Nc6 6. e3 Nf6 7. g3 d6 8. Bg2
Bd7 9. O-O O-O 10. a3 Qc8 11. b3 Bh3 12. Nce2 Bxg2 13. Kxg2 Ne4 14. Bb2 Ng5 15.
f3 Qh3+ 16. Kg1 e5 17. Nxc6 bxc6 18. e4 Rad8 19. Bc1 Ne6 20. Be3 f5 21. Rb1 f4
22. gxf4 Bh6 23. Kh1 Bxf4 24. Bxf4 Nxf4 25. Nxf4 Rxf4 26. Rb2 d5 27. cxd5 cxd5
28. exd5 Rd4 29. Qe2 R4xd5 30. Qg2 Qf5 31. Qg4 Qf6 32. Rbf2 Rd4 33. Qg2 Rd3 34.
f4 Rxb3 35. fxe5 Qxe5 36. Rf7 Rb2 37. Qh3 Qd5+ 38. Kg1 Qd4+ 39. Kh1 Qe4+ 40.
Kg1 h5 41. Qf3 Qxf3 42. R1xf3 Rd1+ 43. Rf1 Rdd2 44. Rf8+ Kg7 45. R1f7+ Kh6 46.
h4 Rd1+ 47. Rf1 Rxf1+ 48. Rxf1 Rb3 49. Ra1 Rh3 50. Kg2 Rxh4 51. Rb1 a5 52. Rf1
Rc4 53. Rf3 a4 54. Kf2 h4 55. Kg2 g5 56. Rh3 Rc2+ 57. Kf1 Rb2 0-1

[Event "XVIII Open Nicolo' La Rosa"]
[Site "Mazara del Vallo ITA"]
[Date "2010.08.18"]
[Round "1"]
[White "Castelli, Giovanni J."]
[Black "Nocera, Alice"]
[Result "1-0"]
[WhiteElo "1792"]
[BlackElo "1389"]
[PlyCount "99"]
[EventDate "2010.08.18"]

1. e4 e5 2. Nf3 Nc6 3. d4 exd4 4. Bc4 Bb4+ 5. c3 dxc3 6. Nxc3 Nge7 7. Qb3 d5 8.
exd5 Bxc3+ 9. bxc3 Na5 10. Qa4+ c6 11. dxc6 Nexc6 12. Ba3 Nxc4 13. Qxc4 Be6 14.
Qb5 a6 15. Qxb7 Ne7 16. Bxe7 Qxe7 17. Qxa8+ Bc8+ 18. Kf1 O-O 19. Re1 Be6 20.
Qxa6 Re8 21. Qe2 Qc5 22. Kg1 g6 23. Qe3 Qh5 24. Qg5 Kf8 25. Qxh5 gxh5 26. Nd4
h4 27. Nxe6+ fxe6 28. f3 h5 29. Kf2 Kf7 30. Re5 Rc8 31. Rhe1 Rc6 32. Rxe6 Rxe6
33. Rxe6 Kxe6 34. Ke3 Ke5 35. f4+ Kd5 36. a4 Kc4 37. Ke4 Kc5 38. Ke5 Kc6 39.
Ke6 Kb6 40. f5 Ka5 41. f6 Kxa4 42. f7 Kb3 43. f8=Q Kxc3 44. Qf4 Kd3 45. Ke5 h3
46. Qf3+ Kd2 47. Kd4 h4 48. Qf2+ Kc1 49. Kc3 hxg2 50. Qc2# 1-0

[Event "XVIII Open Nicolo' La Rosa"]
[Site "Mazara del Vallo ITA"]
[Date "2010.08.18"]
[Round "1"]
[White "D'Amico, Filippo"]
[Black "Bifulco, Michel"]
[Result "0-1"]
[WhiteElo "1482"]
[BlackElo "1952"]
[PlyCount "102"]
[EventDate "2010.08.18"]

1. c4 Nf6 2. Nc3 g6 3. Nf3 Bg7 4. d4 O-O 5. Bg5 d6 6. e3 Nbd7 7. Be2 e5 8. O-O
h6 9. Bh4 g5 10. Bg3 Nh7 11. dxe5 dxe5 12. Qd5 Qe7 13. Rfd1 c6 14. Qd6 Qxd6 15.
Rxd6 f5 16. h3 e4 17. Nd4 f4 18. exf4 gxf4 19. Bh2 Be5 20. Rg6+ Kf7 21. Bh5
Nhf6 22. Rxf6+ Kxf6 23. Nxe4+ Ke7 24. Nf3 Bxb2 25. Re1 Kd8 26. Nd6 Kc7 27. Nf7
b6 28. Bxf4+ Kb7 29. Bxh6 Rg8 30. Nd6+ Ka6 31. Be3 Nf6 32. Rb1 Ba3 33. Nxc8
Nxh5 34. Rb3 Raxc8 35. Rxa3+ Kb7 36. Nd4 Rcf8 37. Ne6 Rf6 38. Nd4 Nf4 39. Bxf4
Rxf4 40. Rd3 Rd8 41. Ne6 Rxd3 42. Nxf4 Rd4 43. g3 Rxc4 44. h4 Kc7 45. h5 Re4
46. h6 Re8 47. Ng6 c5 48. f4 c4 49. f5 c3 50. f6 c2 51. f7 c1=Q+ 0-1

[Event "XVIII Open Nicolo' La Rosa"]
[Site "Mazara del Vallo ITA"]
[Date "2010.08.18"]
[Round "1"]
[White "Ferrante, Filippo"]
[Black "Ljubisavljevic, Zivojin Z."]
[Result "0-1"]
[WhiteElo "1619"]
[BlackElo "2271"]
[PlyCount "30"]
[EventDate "2010.08.18"]

1. Nf3 c5 2. c4 Nc6 3. Nc3 e5 4. g3 f5 5. d3 d6 6. Bg2 Be7 7. Nd5 Nf6 8. Nxe7
Qxe7 9. Nd2 O-O 10. a3 Kh8 11. Qa4 e4 12. dxe4 fxe4 13. e3 Ne5 14. Bf1 Nfg4 15.
Nxe4 Nf3+ 0-1

[Event "XVIII Open Nicolo' La Rosa"]
[Site "Mazara del Vallo ITA"]
[Date "2010.08.18"]
[Round "1"]
[White "Guarino, Giuseppe"]
[Black "La Bella, Massimiliano"]
[Result "0-1"]
[WhiteElo "1515"]
[BlackElo "1996"]
[PlyCount "114"]
[EventDate "2010.08.18"]

1. e4 e5 2. Nf3 Nc6 3. Bb5 a6 4. Bxc6 dxc6 5. O-O Qf6 6. d4 exd4 7. Qxd4 Qxd4
8. Nxd4 c5 9. Ne2 Bd7 10. Bf4 O-O-O 11. Na3 Ne7 12. Nc4 Ng6 13. Bg3 h5 14. h3
h4 15. Bh2 Bb5 16. b3 Bd6 17. Nxd6+ cxd6 18. c4 Bc6 19. Nc3 Rhe8 20. f3 Ne5 21.
Rfd1 f6 22. Nd5 Bxd5 23. Rxd5 Kc7 24. Kf2 Rd7 25. Re1 Kc6 26. f4 Ng6 27. Rh5
Rde7 28. Kf3 b5 29. f5 Rh8 30. Kg4 Rxh5 31. Kxh5 Ne5 32. Bxe5 Rxe5 33. Kxh4
bxc4 34. bxc4 Re7 35. Re3 Rb7 36. Rc3 Re7 37. Re3 Rb7 38. a3 Rb2 39. g4 Rc2 40.
g5 Rxc4 41. Kh5 d5 42. gxf6 gxf6 43. exd5+ Kxd5 44. Kg6 Re4 45. Rb3 c4 46. Rb8
c3 47. Kxf6 c2 48. Rd8+ Kc4 49. Rc8+ Kb3 50. Rxc2 Kxc2 51. Kg6 Rh4 52. f6 Rxh3
53. a4 Kb3 54. a5 Kb4 55. f7 Rf3 56. Kg7 Kxa5 57. f8=Q Rxf8 0-1

[Event "XVIII Open Nicolo' La Rosa"]
[Site "Mazara del Vallo ITA"]
[Date "2010.08.18"]
[Round "1"]
[White "Isonzo, David"]
[Black "Cerami, Giuseppe"]
[Result "1-0"]
[WhiteElo "2357"]
[BlackElo "1631"]
[PlyCount "59"]
[EventDate "2010.08.18"]

1. d4 Nf6 2. c4 g6 3. g3 Bg7 4. Bg2 O-O 5. Nc3 c6 6. e4 d6 7. Nge2 Na6 8. O-O
Nc7 9. h3 h6 10. Be3 e5 11. Qd2 Kh7 12. Rad1 Be6 13. b3 Qe7 14. f4 exd4 15.
Nxd4 Nfe8 16. Rde1 f6 17. f5 Bf7 18. fxg6+ Bxg6 19. Nf5 Bxf5 20. exf5 Qf7 21.
Rf4 Rh8 22. Rh4 Qf8 23. Ne2 d5 24. Nf4 d4 25. Qxd4 Qd6 26. Ng6 Rg8 27. Rd1 Rd8
28. Qxd6 Rxd6 29. Rhd4 Rxd4 30. Rxd4 1-0

[Event "XVIII Open Nicolo' La Rosa"]
[Site "Mazara del Vallo ITA"]
[Date "2010.08.18"]
[Round "1"]
[White "La Bella, Roberto"]
[Black "Imburgia, Giuseppe"]
[Result "1-0"]
[WhiteElo "2098"]
[BlackElo "1611"]
[PlyCount "33"]
[EventDate "2010.08.18"]

1. e4 e5 2. f4 d6 3. Nf3 Bg4 4. Bc4 Bxf3 5. Qxf3 Nf6 6. fxe5 dxe5 7. Qb3 Qd7 8.
Qxb7 Bd6 9. Qxa8 c6 10. d3 O-O 11. Be3 c5 12. Bd5 Qg4 13. Nc3 Qxg2 14. O-O-O
Na6 15. Bxf7+ Kxf7 16. Qxa7+ Nc7 17. Nb5 1-0

[Event "XVIII Open Nicolo' La Rosa"]
[Site "Mazara del Vallo ITA"]
[Date "2010.08.18"]
[Round "1"]
[White "Mancuso, Fabrizio"]
[Black "Pandolfo, Sergio"]
[Result "1/2-1/2"]
[WhiteElo "1335"]
[BlackElo "1649"]
[PlyCount "94"]
[EventDate "2010.08.18"]

1. e4 c5 2. Nf3 d6 3. Nc3 Nf6 4. d4 cxd4 5. Nxd4 a6 6. Bg5 e6 7. Be2 Be7 8. O-O
h6 9. Bh4 Nc6 10. Bf3 Qb6 11. Nb3 Ne5 12. Bh5 Bd7 13. Be2 Rc8 14. Qd4 Qxd4 15.
Nxd4 b5 16. a3 Nc4 17. Bxc4 Rxc4 18. Bxf6 Bxf6 19. Nde2 Ke7 20. Rad1 a5 21. Rd2
Bxc3 22. Nxc3 Bc6 23. f3 Rd8 24. Rfd1 f6 25. Rd4 Rc5 26. R4d2 b4 27. axb4 axb4
28. Na2 Rb5 29. c3 bxc3 30. Nxc3 Rb3 31. h3 g5 32. g4 Rb7 33. Kf2 Rbd7 34. Ke3
Rh8 35. Kf2 h5 36. Kg3 hxg4 37. hxg4 Rdd8 38. Rh2 Rxh2 39. Kxh2 Rb8 40. Rd2
Rh8+ 41. Kg2 Rb8 42. Kg3 Rf8 43. Kg2 Rd8 44. Kg3 d5 45. exd5 exd5 46. Rd4 Rd6
47. b4 Bb7 1/2-1/2

[Event "XVIII Open Nicolo' La Rosa"]
[Site "Mazara del Vallo ITA"]
[Date "2010.08.18"]
[Round "1"]
[White "Messina, Damiano"]
[Black "Savalla, Pietro"]
[Result "1/2-1/2"]
[WhiteElo "2001"]
[BlackElo "1583"]
[PlyCount "46"]
[EventDate "2010.08.18"]

1. e4 e5 2. Nf3 d6 3. d4 exd4 4. Nxd4 Nf6 5. Nc3 Be7 6. Be2 Nc6 7. Be3 O-O 8.
f3 a6 9. Qd2 Nxd4 10. Bxd4 c5 11. Be3 Qc7 12. O-O b5 13. a3 Bb7 14. Rad1 Rac8
15. Nd5 Nxd5 16. exd5 Bf6 17. c3 Rfe8 18. Bf4 c4 19. Rfe1 Qc5+ 20. Kh1 Rcd8 21.
Bg3 Re7 22. f4 Rde8 23. Bf3 Kf8 1/2-1/2

[Event "XVIII Open Nicolo' La Rosa"]
[Site "Mazara del Vallo ITA"]
[Date "2010.08.18"]
[Round "1"]
[White "Piazza, Dario"]
[Black "Savalla, Gianluca"]
[Result "1-0"]
[WhiteElo "1662"]
[BlackElo "1362"]
[PlyCount "79"]
[EventDate "2010.08.18"]

1. e4 e5 2. Nf3 Nf6 3. Nxe5 d6 4. Nf3 Nxe4 5. Qe2 Qe7 6. d3 Nf6 7. Bg5 Qxe2+ 8.
Bxe2 Be7 9. Nc3 Nc6 10. Nb5 Bd8 11. Bxf6 gxf6 12. O-O-O Rg8 13. Rhe1 Be6 14.
Bf1 a6 15. Nc3 Be7 16. g3 O-O-O 17. Bg2 Bg4 18. h3 Be6 19. d4 d5 20. a3 Bf5 21.
Nh2 h5 22. Nxd5 Bd6 23. Nxf6 Rh8 24. Bxc6 bxc6 25. h4 Rh6 26. Ne4 Bxe4 27. Rxe4
Rf6 28. Re2 Bf8 29. c3 Bh6+ 30. Kc2 Kd7 31. Rd3 Re8 32. Rxe8 Rxf2+ 33. Kb3 Kxe8
34. Nf3 Bc1 35. Ne5 Rxb2+ 36. Ka4 Rb6 37. Rf3 Ke7 38. Rxf7+ Kd6 39. Nc4+ Ke6
40. Rxc7 1-0

[Event "XVIII Open Nicolo' La Rosa"]
[Site "Mazara del Vallo ITA"]
[Date "2010.08.18"]
[Round "1"]
[White "Piazza, Francesco"]
[Black "Lo Piccolo, Antonino"]
[Result "0-1"]
[WhiteElo "1392"]
[BlackElo "1879"]
[PlyCount "64"]
[EventDate "2010.08.18"]

1. d4 c6 2. e4 d5 3. exd5 cxd5 4. Nf3 Nc6 5. Bf4 Bf5 6. Bd3 Bxd3 7. Qxd3 e6 8.
O-O Nf6 9. Nbd2 Be7 10. c4 O-O 11. Rfe1 Rc8 12. cxd5 Nxd5 13. Bg3 Ncb4 14. Qb5
Nc2 15. h4 Nxa1 16. Rxa1 Qb6 17. Qd3 Rfd8 18. Ne4 Qc6 19. Ne5 Qc2 20. Rd1 Qxd3
21. Rxd3 Rc1+ 22. Kh2 Rdc8 23. Nf3 R8c2 24. Rb3 b6 25. Bb8 Rb1 26. Bxa7 Rbxb2
27. Rd3 Bd6+ 28. g3 Rxa2 29. Bxb6 Nxb6 30. Kg2 Ba3 31. Rd1 Nd5 32. Rf1 Ne3+ 0-1

[Event "XVIII Open Nicolo' La Rosa"]
[Site "Mazara del Vallo ITA"]
[Date "2010.08.18"]
[Round "1"]
[White "Puleo, Diego"]
[Black "Cangemi, Felice"]
[Result "1-0"]
[WhiteElo "1938"]
[BlackElo "1463"]
[PlyCount "25"]
[EventDate "2010.08.18"]

1. c4 c5 2. Nc3 Nf6 3. Nf3 d6 4. g3 Nc6 5. Bg2 e6 6. d4 cxd4 7. Nxd4 Bd7 8. Bg5
Be7 9. O-O Qc7 10. Ndb5 Qb6 11. Nxd6+ Bxd6 12. Qxd6 Qxb2 13. Nb5 1-0

[Event "XVIII Open Nicolo' La Rosa"]
[Site "Mazara del Vallo ITA"]
[Date "2010.08.18"]
[Round "2"]
[White "Bifulco, Michel"]
[Black "Bucca, Angelo"]
[Result "1-0"]
[WhiteElo "1952"]
[BlackElo "1368"]
[PlyCount "91"]
[EventDate "2010.08.18"]

1. d4 d5 2. c4 Nf6 3. Nc3 Nc6 4. e3 e6 5. Nf3 g6 6. cxd5 exd5 7. Bb5 Bd7 8. O-O
Bg7 9. b3 O-O 10. Ba3 Re8 11. Rc1 a6 12. Bxc6 Bxc6 13. Ne5 Bd7 14. Nxd7 Qxd7
15. Na4 b5 16. Nc5 Qf5 17. Nd3 Qc8 18. Qc2 Ra7 19. Ne5 a5 20. Nc6 Rb7 21. Ne7+
Rxe7 22. Bxe7 Qd7 23. Bxf6 Bxf6 24. Qc6 Qxc6 25. Rxc6 Be7 26. Rfc1 Bd6 27. f3
Kg7 28. g3 h5 29. e4 dxe4 30. fxe4 f6 31. Re1 Kf7 32. e5 fxe5 33. dxe5 Be7 34.
Rec1 Bd8 35. Ra6 Bg5 36. Rcc6 Be3+ 37. Kg2 Bb6 38. Ra8 Ke7 39. Rxg6 Kf7 40.
Rag8 Bc5 41. e6+ Ke7 42. R8g7+ Ke8 43. Rh6 Kf8 44. Rf7+ Ke8 45. Rh8+ Bf8 46.
Rhxf8# 1-0

[Event "XVIII Open Nicolo' La Rosa"]
[Site "Mazara del Vallo ITA"]
[Date "2010.08.18"]
[Round "2"]
[White "Campo, Renato"]
[Black "Speciale, Francesco"]
[Result "1-0"]
[WhiteElo "2002"]
[BlackElo "1893"]
[PlyCount "57"]
[EventDate "2010.08.18"]

1. e4 e6 2. f4 d5 3. e5 c5 4. Nf3 Nc6 5. c3 Nge7 6. Na3 Ng6 7. g3 Bd7 8. Nc2
Rc8 9. Bg2 Be7 10. d3 b5 11. O-O h6 12. Ne3 Rb8 13. d4 Qb6 14. f5 exf5 15. Nxd5
Qd8 16. Nf4 Nxf4 17. Bxf4 Be6 18. Nh4 Qb6 19. Qf3 Nd8 20. d5 Bc8 21. e6 Bxh4
22. Bxb8 Qxb8 23. gxh4 fxe6 24. Qh5+ Ke7 25. dxe6 Bxe6 26. Rae1 Kf6 27. Rxe6+
Kxe6 28. Qxf5+ Ke7 29. Re1+ 1-0

[Event "XVIII Open Nicolo' La Rosa"]
[Site "Mazara del Vallo ITA"]
[Date "2010.08.18"]
[Round "2"]
[White "Cangemi, Felice"]
[Black "Ferrante, Filippo"]
[Result "1-0"]
[WhiteElo "1463"]
[BlackElo "1619"]
[PlyCount "89"]
[EventDate "2010.08.18"]

1. e4 e6 2. Nc3 d5 3. exd5 exd5 4. d4 c6 5. Nf3 Bd6 6. Bd3 Ne7 7. Bg5 f6 8. Bh4
Bg4 9. h3 Bh5 10. g4 Bf7 11. Qd2 g5 12. Bg3 Bxg3 13. fxg3 Qd6 14. Rg1 Nd7 15.
O-O-O O-O-O 16. Na4 h5 17. Qa5 Kb8 18. Nd2 hxg4 19. hxg4 Rde8 20. Nb3 Be6 21.
Be2 Rh3 22. Nbc5 Nxc5 23. Nxc5 b6 24. Na6+ Ka8 25. Qc3 Rh2 26. Qd2 Kb7 27. Qd3
Bd7 28. Rde1 b5 29. Nc5+ Kb6 30. Qa3 a5 31. Na4+ Kc7 32. Nc5 Kb6 33. Qd3 Nc8
34. a4 Na7 35. Rh1 Reh8 36. Rxh2 Rxh2 37. Qd2 Bxg4 38. Nb3 b4 39. Qd3 Bxe2 40.
Rxe2 Rh1+ 41. Kd2 Rg1 42. Nc5 Nb5 43. axb5 cxb5 44. Qh7 Qc7 45. Re6+ 1-0

[Event "XVIII Open Nicolo' La Rosa"]
[Site "Mazara del Vallo ITA"]
[Date "2010.08.18"]
[Round "2"]
[White "Imburgia, Giuseppe"]
[Black "Piazza, Francesco"]
[Result "1-0"]
[WhiteElo "1611"]
[BlackElo "1392"]
[PlyCount "54"]
[EventDate "2010.08.18"]

1. e4 d6 2. d4 Nf6 3. Nc3 c6 4. Nf3 Qa5 5. Bd3 Bg4 6. h3 Bh5 7. g4 Bg6 8. Bd2
Nbd7 9. b4 Qc7 10. O-O e5 11. Re1 Be7 12. b5 O-O 13. Bg5 Qd8 14. bxc6 bxc6 15.
Qd2 Ne8 16. Bxe7 Qxe7 17. Rab1 Rb8 18. a4 c5 19. Nb5 Ndf6 20. Nh4 Qb7 21. c4 a6
22. Nxd6 Qc7 23. Rxb8 Qxb8 24. Ndf5 Nd6 25. Rb1 Ndxe4 26. Qc2 Qd8 27. Bxe4 Nxg4
1-0

[Event "XVIII Open Nicolo' La Rosa"]
[Site "Mazara del Vallo ITA"]
[Date "2010.08.18"]
[Round "2"]
[White "La Bella, Massimiliano"]
[Black "Castelli, Giovanni J."]
[WhiteElo "1996"]
[BlackElo "1792"]
[Result "1-0"]
[PlyCount "81"]
[EventDate "2010.08.18"]

1. a3 e5 2. e4 Nf6 3. Nc3 Nc6 4. Nf3 Be7 5. d4 exd4 6. Nxd4 d6 7. Bc4 O-O 8.
O-O Bd7 9. Bf4 Nxd4 10. Qxd4 Bc6 11. Nd5 Nxd5 12. exd5 Bf6 13. Qd3 Bd7 14. c3
g6 15. Rae1 Bg7 16. Qd2 Re8 17. Bd3 Rxe1 18. Rxe1 Qf8 19. b4 Re8 20. Be3 a6 21.
c4 Qe7 22. Rc1 Qe5 23. Rd1 Bg4 24. Be2 Bxe2 25. Qxe2 h6 26. Qd3 Kh7 27. c5 dxc5
28. bxc5 Rd8 29. g3 Qe7 30. d6 cxd6 31. cxd6 Qe6 32. d7 Be5 33. Qe4 b5 34. Bb6
Qxb6 35. Qxe5 Qe6 36. Qxe6 fxe6 37. Rd6 e5 38. Kg2 Kg7 39. Kf3 Kf7 40. Ke4 Ke7
41. Rxg6 1-0